Los nueve libros de la historia

Gespeichert in:
Bibliographische Detailangaben
1. Verfasser: Heródoto (VerfasserIn)
Format: Buch
Sprache:Spanisch
Veröffentlicht: Barcelona Iberia 1955
Schriftenreihe:Obras maestras
Schlagworte:
Tags: Tag hinzufügen
Keine Tags, Fügen Sie den ersten Tag hinzu!

MARC

LEADER 00000cam a2200000 a 4500
001 UCP4054
003 CL-VaPUC
008 990709e19550000SP |||||||||||||||||spa|d
082 0 4 |a 938  |b HER  |2 21 
100 0 |a Heródoto  |e author  |9 337011 
245 1 4 |a Los nueve libros de la historia 
300 |a 2 v 
942 |c BK 
945 |d 19990709 00:00:00  |a lriquelm 
260 |a Barcelona  |b Iberia  |c 1955 
650 0 |a Historia antigua  |9 267521 
650 7 |a HISTORIA GRIEGA  |2 CL-VaPUC  |9 314116 
650 0 |a Civilizaciones antiguas  |9 265998 
651 0 |a Grecia  |9 265314 
583 |a last modification  |c 20171130 17:22:51  |k Rodrigo Vera 
490 0 |a Obras maestras 
999 |c 282134  |d 282132 
952 |0 0  |1 0  |4 0  |6 938_000000000000000_HER_1955  |7 0  |8 X  |9 323576  |a BIBHIS  |b BIBHIS  |d 2019-11-20  |h v.1  |i 1365029  |o 938 HER 1955  |p 1365029  |r 2024-01-30  |w 2019-11-20  |y BK_X  |k HIS 
952 |0 0  |1 0  |4 0  |6 938_000000000000000_HER_1955  |7 0  |8 X  |9 323577  |a BIBHIS  |b BIBHIS  |d 2019-11-20  |h v.2  |i 1365037  |o 938 HER 1955  |p 1365037  |r 2024-01-30  |w 2019-11-20  |y BK_X  |k HIS 
952 |0 0  |1 0  |4 0  |6 938_000000000000000_HER_1955  |7 0  |8 X  |9 323578  |a BIBHIS  |b BIBHIS  |d 2019-11-20  |h v.2  |i 1365045  |o 938 HER 1955  |p 1365045  |r 2024-01-30  |w 2019-11-20  |y BK_X  |k HIS 
952 |0 0  |1 0  |3 erd  |4 0  |6 938_000000000000000_HER_1955  |7 0  |8 A  |9 323579  |a BIBEDU  |b BIBEDU  |e Villagrán Garnham, Jorge  |h v.2  |i 5316111  |o 938 HER 1955  |p 5316111  |r 2019-11-20  |w 2019-11-20  |y BK  |z Catalogado en:20160717  |k FIL